000 00862nam a22002657a 4500
001 BR9300569
003 BR-BrBNA
005 20230928093824.0
007 ta
008 230509b bl.||||| |||| 00| 0 por d
040 _aBR-BrBNA
_bpor
_cBiblioteca Nacional de Agricultura
041 _a(Por)
072 _aE70; E10
090 _ E70 BR9300569
110 1 _aSecretaria da Agricultura e Abastecimento do Estado de Sao Paulo, Sao Paulo (Brasil). Coordenadoria de Abastecimento
_98280
245 1 _aRelatorio de atividades 87/90 [Secretaria da Agricultura e Abastecimento do Estado de Sao Paulo]
260 3 _aSao Paulo, SP (Brasil):
_c1991.
300 _a40 p.
650 _aAbastecimento
650 _aPolitica de Abastecimento
650 _aProjeto de Desenvolvimento
650 _aSao Paulo
909 _a202309
_bLucia
_c55
_dLucia Elande
942 _cBK
999 _c47319
_d47319